Rues de Lachute - Statistics

General Stats
  • This quiz has been taken 3 times
  • The average score is 69 of 144
Answer Stats
Hint Answer % Correct
91 Rue Grâce
100%
15 Rue Hamelin
100%
88 Rue Lafleur
100%
2 Rue Principale
100%
89 Rue Robert
100%
92 Rue Sydney
100%
4 Avenue Argenteuil
50%
3 | 55 Avenue de la Providence
50%
6 Avenue Hamford
50%
1 Boulevard Béthany
50%
22 Boulevard Bradford
50%
131 Boulevard Christini
50%
5 Boulevard de l'Aéroparc
50%
19 Boulevard Richelieu
50%
107 Boulevard Tessier
50%
74 Chemin de la Grotte
50%
144 Chemin Sinclair
50%
20 PL Vachon
50%
135 Place du Marais
50%
118 Rue Abigail
50%
45 Rue Alexandre
50%
9 Rue Ayers
50%
86 Rue Barron
50%
93 Rue Bédard
50%
58 Rue Bélanger
50%
78 Rue Bellingham
50%
115 Rue Benjamin
50%
87 Rue Berry
50%
71 Rue Bissonnette
50%
26 Rue Blériot
50%
121 Rue Boyd
50%
128 Rue Burrough
50%
95 Rue Catherine
50%
43 Rue Champagne
50%
49 Rue Champlain
50%
38 Rue Charles
50%
104 Rue Cleary
50%
35 Rue Cloutier
50%
84 Rue Clyde
50%
125 Rue Collège
50%
46 Rue Corbeil
50%
59 Rue Cottingham
50%
79 | 85 Rue Court
50%
101 Rue Daniel
50%
29 Rue de Chatam
50%
140 Rue de la Cote Ste Claire
50%
24 Rue de l'Alizé
50%
70 Rue de la Montagne
50%
28 Rue de l'Épervier
50%
42 Rue de l'Expo
50%
141 Rue des Bois Francs
50%
142 Rue des Chênes
50%
113 Rue des Érables
50%
138 Rue des Franciscains
50%
114 Rue des Ormes
50%
112 Rue des Pins
50%
25 Rue des Vents
50%
122 Rue Drew
50%
132 Rue du Boisé
50%
134 Rue du Bosquet
50%
50 Rue du Dr Rigby
50%
23 Rue du Grenoble
50%
65 Rue Dupré
50%
13 Rue Durocher
50%
143 Rue du vieux Verger
50%
37 Rue Edwin
50%
90 Rue Élizabeth
50%
129 Rue Émily
50%
99 Rue Évelina
50%
109 Rue Fern
50%
80 Rue Fillion
50%
117 Rue Francis
50%
123 Rue Fraser
50%
47 Rue Gagné
50%
17 Rue Gauthier
50%
98 Rue Georges
50%
44 Rue Gilbert
50%
75 Rue Gordon
50%
41 Rue Gougeon
50%
10 Rue Hammond
50%
76 Rue Harriet
50%
66 Rue Hay
50%
94 Rue Henry
50%
103 Rue Holt
50%
83 Rue Hope
50%
97 Rue Isabella
50%
39 Rue James
50%
110 Rue Kenny
50%
54 Rue Kilwin
50%
62 Rue Lapointe
50%
32 Rue Larocque
50%
64 Rue Laurier
50%
16 Rue Lavigueur
50%
21 Rue Lefebvre
50%
116 Rue Lessard
50%
68 Rue l'Heureux
50%
136 Rue Lowe
50%
51 Rue Mady
50%
14 Rue Malette
50%
96 Rue Mary
50%
81 Rue Meikle
50%
40 Rue Millway
50%
106 Rue Mitchell
50%
127 Rue Moreau
50%
60 Rue Mountainview
50%
102 Rue Noble
50%
126 Rue Ouimet
50%
100 Rue Prévost
50%
11 Rue Princesse
50%
12 Rue Queen
50%
124 Rue Quinn
50%
108 Rue Ray
50%
53 Rue Riverview
50%
52 Rue Rodrigue
50%
67 Rue Roy
50%
30 Rue Simon
50%
57 Rue Staniforth
50%
48 Rue St-Antoine
50%
139 Rue Ste-Croix
50%
27 Rue St Exupery
50%
36 Rue St-Jacques
50%
31 Rue St-Jean
50%
34 Rue St-Julien
50%
119 Rue Stuart
50%
77 Rue Thomas
50%
120 Rue Todd
50%
69 Rue Urbain
50%
82 Rue Water
50%
33 Rue Wilson
50%
18 TSSE Saindon
50%
105 Rue Bernard
0%
130 Rue Chevrier
0%
133 Rue de la Clairère
0%
8 Rue de l'Église
0%
111 Rue des Cèdres
0%
63 Rue du Pavillon
0%
73 Rue Hughes
0%
137 Rue Jones
0%
61 Rue Legault
0%
56 Rue McGibbon
0%
72 Rue Patterson
0%
7 Rue Paul Émile Barbeau
0%
No matching quizzes found
Score Distribution
Percent of People with Each Score
Percentile by Number Answered
Your Score History
You have not taken this quiz